Webster's II: New Riverside Dictionary

Sparad:
Bibliografiska uppgifter
Materialtyp: Bok
Språk:Undetermined
Publicerad: New York, Estados Unidos Berkley Books 1986
Ämnen:
Taggar: Lägg till en tagg
Inga taggar, Lägg till första taggen!

MARC

LEADER 00000nam a2200000Ia 4500
008 170316s9999 xx 000 0 und d
040 |a cru BVZT 
090 |a R-413 W-1w ING-ING 
245 |a Webster's II: New Riverside Dictionary 
260 |a New York, Estados Unidos 
260 |b Berkley Books 
260 |c 1986 
300 |a 824 páginas 
650 0 |a REFERENCIA  |9 27 
650 0 |a DICCIONARIO  |9 28 
650 0 |a  INGLÉS  |9 70 
942 |c REF  |2 z  |0 2 
999 |c 14723  |d 14723